000 00777cam a22002411 4500
001 e 46000003
003 DLC
005 20260227111232.0
008 770418s1945 miu s001 0 eng c
010 _ae 46000003
035 _a(OCoLC)2897204
040 _aU. S. Off. of educ. Library
_cIEdS
_dDLC
042 _apremarc
050 0 0 _aL162
_b.B3 no. 338
082 _a371.6
110 1 _aMichigan.
_bDepartment of Public Instruction.
245 1 2 _aA guide for planning school buildings.
260 _aLansing, Mich.,
_bE. B. Elliott, superintendent of public instruction,
_c1945.
300 _a147 p.
_c23 cm.
490 1 _aIts Bulletin
_vno. 338
650 0 _aSchool buildings
_zMichigan.
810 1 _aMichigan.
_bDepartment of Public Instruction.
_tBulletin
_vno. 338.
999 _c22027
_d22027